The Rookie characters from picture: Extreme edition - Statistics

General Stats
  • This quiz has been taken 1,176 times
  • The average score is 45 of 117
Answer Stats
Picture Answer % Correct
John Nolan
79%
Lucy Chen
78%
Tim Bradford
77%
Angela Lopez
76%
Nyla Harper
76%
Jackson West
75%
Wade Grey
75%
Quigley Smitty
74%
Tamara Collins
74%
Bailey Nune
73%
Wesley Evers
73%
James Murray
70%
Pete Nolan
70%
Rosalind Dyer
70%
Aaron Thorsen
69%
Kojo
69%
Talia Bishop
69%
Henry Nolan
67%
Isabel Bradford
67%
Luna Grey
67%
Celina Juarez
66%
Randy Spitz
66%
Sava Wu
64%
Jake Butler
63%
Nick Armstrong
63%
Percy West
63%
Elijah Stone
62%
Caleb Wright
59%
Miles Penn
57%
Chris Sanford
56%
Oscar Hutchinson
56%
Sandra de La Cruz
56%
Monica Stevens
55%
Rachel Hall
55%
Jackson Evers
54%
Lila Town
53%
Jason Wyler
52%
Grace Sawyer
51%
Jessica Russo
48%
Seth Ridley
48%
Zoe Andersen
47%
Gennifer Bradford
46%
Nell Forester
45%
Patrice Evers
45%
Ashley McGrady
44%
Doug Stanton
44%
Liam Glasser
43%
Patrick Chen
43%
Tom Bradford
43%
Damian Lopez
42%
Emilia Lopez
42%
Vanessa Chen
42%
Abigail Tierney
40%
Blair London
39%
Donovan Town
39%
Erin Cole
39%
Leah Murray
39%
Ruth Harper
39%
Evelyn Nolan
38%
Rodge Bronson
38%
Charlie Bristow
35%
Larry Macer
35%
Benny Lopez
34%
Ellroy Basso
34%
Ben McRee
33%
Dominique Grey
33%
Matthew Garza
33%
Sean Del Monte
33%
Emmett Lang
30%
Karla Juarez
30%
Simone Clark
30%
Ashley Hutchinson
29%
Silas March
29%
Cruz Lopez
28%
Chastity Sneed
27%
Jerry McGrady
27%
Joel Chambers
26%
Malvado
26%
Abril Rodas
25%
Yvonne Thorsen
25%
Katie Barnes
24%
Bianca Windle
22%
Diego de La Cruz
22%
Lincoln Thorsen
22%
Ray Watkins
22%
Skipper Young / Sterling Freeman
22%
Fiona Ryan
21%
Jan Janssen
18%
Gino Brown
17%
Gil Webb
16%
Lisa
16%
Aurora / Debbie
14%
Tyler Bradford
14%
Kevin Wolfe
13%
Alonzo Smith
12%
Keith Graham
12%
Stacy
12%
Dylan Scott
11%
Ryan Caradine
11%
Camilla
10%
Mack Daniels
10%
Ilya Sokurov / Trevor Gurin
9%
Luke Moran
9%
Marcus Vance
9%
Scott Wickham
9%
Elijah Vestri
8%
Gretchen
8%
Morris Mackey
8%
Chris Rios
7%
Dexter Hayes
7%
Laura Stensen
7%
Marcus Lindsey
7%
Brendon Acres
6%
Rowan Clausen
6%
Finn Nickerson
5%
Sanford Motta
4%
Jennifer Paige
3%
No matching quizzes found
Score Distribution
Percent of People with Each Score
Percentile by Number Answered
Your Score History
You have not taken this quiz